カタールワールドカップ出場選手(ドイツ) - Statistics

General Stats
  • This quiz has been taken 122 times
  • The average score is 9 of 26
Answer Stats
背番号 選手 % Correct
1 マヌエル・ノイアー
95%
2 アントニオ・リュディガー
75%
13 トーマス・ミュラー
68%
14 ジャマル・ムシアラ
62%
21 イルカイ・ギュンドアン
61%
10 セルジュ・ニャブリ
53%
19 レロイ・ザネ
53%
22 マルクアンドレ・テアシュテーゲン
52%
23 ニコ・シュロッターベック
48%
8 レオン・ゴレツカ
47%
15 ニクラス・ズーレ
40%
9 ニクラス・フュルクルク
36%
6 ヨシュア・キミヒ
35%
7 カイ・ハーバーツ
33%
3 ダビド・ラウム
28%
12 ケビン・トラップ
24%
26 ユスファ・ムココ
15%
4 マティアス・ギンター
13%
11 マリオ・ゲッツェ
13%
17 ユリアン・ブラント
12%
20 クリスティアン・ギュンター
10%
16 ルーカス・クロスターマン
9%
5 ティロ・ケーラー
7%
18 ヨナス・ホフマン
5%
25 アルメル・ベラコチャプ
4%
24 カリム・アデイエミ
2%
No matching quizzes found
Score Distribution
Percent of People with Each Score
Percentile by Number Answered
Your Score History
You have not taken this quiz